[Event "Belem Velha op 3rd"]
[Site "Belem"]
[Date "2015.05.01"]
[Round "2"]
[White "De Sousa, Ricardo Vinicius Ca"]
[Black "Mafra, Kaiser Luiz"]
[Result "0-1"]
[WhiteElo "1511"]
[BlackElo "2202"]
[PlyCount "42"]
[EventDate "2015.04.30"]
[EventType "swiss"]
[EventRounds "7"]
[EventCountry "BRA"]
[SourceTitle "CBM 166 Extra"]
[Source "ChessBase"]
[SourceDate "2015.06.18"]
[SourceVersion "1"]
[SourceVersionDate "2015.06.18"]
[SourceQuality "1"]

1. e4 c5 2. Nf3 d6 3. d4 cxd4 4. Nxd4 Nf6 5. Nc3 a6 6. Be2 e5 7. Nf3 h6 8. 0-0 Be7 9. h3 0-0 10. Be3 Be6 11. Na4 Nbd7 12. c4 Nxe4 13. Qc2 Nef6 14. Rfd1 Qc7 15. Rac1 Rac8 16. b3 b5 17. Nb2 d5 18. Qb1 bxc4 19. Na4 d4 20. Bd2 Ba3 21. Rc2 Bf5 0-1